000
00299nam a22001217a 4500
082
_a
355.4 DOG
100
_a
RAFIQUE DOGAR , DOGAR, RAFIQUE
_9
67241
245
_a
OPERATION SIYACHAN
260
_a
LAHORE
_b
JANG PUBLISHER
_c
1992
300
_a
276P
650
_a
SIYACHAN OPERATION
_9
67242
942
_c
BK
999
_c
575062
_d
575062